000 00540nam a22001817a 4500
005 20251108164713.0
008 250721s1993 xx 000 0 ara d
082 1 4 _a812.9563/أحم
100 1 _aصالح، أحمد
245 1 0 _aمسرحيتان :
_bقطط و موت عازف البوق /
264 1 _aبغداد :
_bدار الشؤون الثقافية،
_c1993.
300 _a39ص
650 1 7 _aالمسرحيات العربية
650 1 7 _aالعراق
700 1 _aراضي، محسن
942 _2ddc
_cBK
999 _c12259
_d12259